• 首页
  • 本馆介绍
  • 公告通知
  • 最新文献
  • 馆藏检索
  • 电子资源
  • 读者导购
  • 参考咨询
  • 我的图书馆
  • 登录
  • 详细信息显示
  • 放入我的书架
  • 预约/预借图书
  • 作者相关作品
  • 分类相关作品
  • 丛书相关作品
  • 出版社相关作品

书目信息

  • 表格格式
  • 工作单格式
  • 卡片格式
书名: The Effendi and the pregnant pot
作者: translated by Primerose Gigliesi and Robert C. Friend ; [cover painting and illustrations by Li Shan]
分册号:
分册名:
出版地: Beijing :
 
出版社: New World Pr
出版时间: 1982.
页数: 88 p.
开本:
丛书名:
中图分类号:
科图分类号:
其他分类号: H319.4
主题词:
电子资源:
000 01053nam 2200301 a 4500
001 E0760203062
005 20070210164500.45
008 uu
020    @cCNY1.00.
040    @aNLC
041 1  @aeng @hchi
043    @aa-cc---
049    @aN5LA
090    @a2C/I277.3/EP///////////963115-17/ 3cop.
090    @aH319.4
096    @aI277.3 @v2
099    @dH319.4@ex235
242 10 @a阿凡提故事选(英语版) @ychi
245 04 @aThe Effendi and the pregnant pot :@bUygur folktales from China / @ctranslated by Primerose Gigliesi and Robert C. Friend ; [cover painting and illustrations by Li Shan]
250    @a1st ed.
260    @aBeijing :@bNew World Pr.,@c1982.
300    @a88 p.
500    @aColophon title in Chinese: Afanti gu shi xuan.
650  0 @aTales @zChina @zXinjiang Uygur Zizhiqu.
700 1  @aGigliesi, Primerose.
700 1  @aFriend, Robert C.
740 0  @aAfanti gu shi xuan. @b00 @c20020930 @lNLC09 @h2246 @lNLC09 @h2303 @lNLC09 @h1854 @b40 @c20030602 @lNLC09 @h2126
852 9  @bWWJC @cJ08S @k2C @hI277.3 @iEP
    
    The Effendi and the pregnant pot : : Uygur folktales from China / / translated by Primerose Gigliesi and Robert C. Friend ; [cover painting and illustrations by Li Shan].-1st ed.-Beijing : : New World Pr., , 1982.
    88 p.
    Colophon title in Chinese: Afanti gu shi xuan.
    
    ISBN CNY1.00.
    
●
相关链接 在E读中查询图书 在五车中查询图书 在当当中查询图书 在豆瓣中查询图书


正题名:Effendi and the pregnant pot     索取号:H319.4/x235         预约/预借

序号 登录号 条形码 馆藏地/架位号 状态 备注
1 123797   001431490   第四借阅区/ [索取号:H319.4/x235] 在馆    
2 123798   001431481   第四借阅区/ [索取号:H319.4/x235] 在馆    
3 123799   001431506   第四借阅区/ [索取号:H319.4/x235] 在馆    
4 123800   001431515   第四借阅区/ [索取号:H319.4/x235] 在馆    
5 123801   001431472   第二样本阅览室/ [索取号:H319.4/x235] 在馆    
唐山师范学院图书馆 欢迎您!
大连网信软件有限公司© 版权所有